| 000 | 00742nam a2200205 a 4500 | ||
|---|---|---|---|
| 001 | 000020100 | ||
| 005 | 20200929170251.0 | ||
| 008 | 100721s2008 cr r 000 0 spa d | ||
| 020 | _z99689514 | ||
| 040 |
_aDO-SdBNP _bspa _cBNPHU |
||
| 082 |
_axxxx _bA512L |
||
| 245 | 0 | 0 |
_aAmérica Latina, una y diversa : _bmétodos para su análisis / _ccompiladores Heriberto Cairo, Geronimo de Sierra. |
| 260 |
_aSan José, Costa Rica : _bLibrería Alma Mater, _c2008. |
||
| 300 |
_a287 p. ; _cdiagrf. |
||
| 504 | _aIncluye referencias bilbiográficas y notas al pie de las páginas | ||
| 504 | _aIncluye bibliografías | ||
| 590 | _aInventariado, 2019/BT | ||
| 700 | 1 | 2 |
_aCairo, Heriberto, _ecomp. _942687 |
| 700 | 1 | 2 |
_aSierra, Geronimo de, _ecomp. _942688 |
| 999 |
_c19608 _d19608 |
||